| 000 | 00929nam a2200229Ii 4500 | ||
|---|---|---|---|
| 003 | JO-AjNU | ||
| 008 | 230605s9999||||xx |||||||||||||| ||und|| | ||
| 017 | _a1976/3202 | ||
| 020 | _a977-246-266-4 | ||
| 040 |
_aJO-AjNU _bara _erda _cJO-AjNU |
||
| 041 | _aara | ||
| 050 | 1 | 4 | _aDT96.A7 1976 |
| 100 | 3 |
_aتاليف عاشور، فايد خماد؛ تقديم ومراجعة نسيم، جوزيف, _eauthor _918242 |
|
| 245 | 0 | 0 | _aالعلاقات السياسية بين المماليك والمغول في الدولة المملوكية الأولى |
| 264 | 3 | 1 | _aالقاهرة: دار المعارف، 1976 |
| 300 | _a242ص | ||
| 336 |
_atext _btxt _2rdacontent |
||
| 337 |
_aunmediated _bn _2rdamedia |
||
| 338 |
_avolume _bnc _2rdacarrier |
||
| 490 | 0 | _aمكتبة الدراسات التاريخية | |
| 650 | 4 |
_aالمماليك-علاقات -المغول -الدولة المملوكية الاولى-تارخ _918243 |
|
| 999 |
_aA5796 _c9364 _d9364 |
||